• 首页
  • 本馆介绍
  • 公告通知
  • 最新文献
  • 馆藏检索
  • 电子资源
  • 读者导购
  • 参考咨询
  • 我的图书馆
  • 登录
  • 详细信息显示
  • 放入我的书架
  • 预约/预借图书
  • 作者相关作品
  • 分类相关作品
  • 丛书相关作品
  • 出版社相关作品

书目信息

  • 表格格式
  • 工作单格式
  • 卡片格式
题名:
市政公用工程
    
 
作者: ;注册建造师继续教育必修课教材编委会 编写
分册:  
出版信息: 北京   中国建筑工业出版社  2020.8
页数: 183页
开本: 26cm
丛书名:
单 册:
中图分类: TU99
科图分类:
主题词: 市政工程--继续教育--教材 , 市政工程
电子资源:
ISBN: 978-7-112-13860-9
000 01007nam0 2200253 45
001 012001000948
005 20140912101522.0
010    @a978-7-112-13860-9@dCNY32.00
100    @a20120315d2012 em y0chiy50 ea
101 0  @achi
102    @aCN@b110000
105    @aa z 000yy
106    @ar
200 1  @a市政公用工程@Ashi zheng gong yong gong cheng@b专著@e适用于一、二级@f注册建造师继续教育必修课教材编写委员会编写
210    @a北京@c中国建筑工业出版社@d2020.8
215    @a183页@c图@d26cm
300    @a注册建造师继续教育必修课教材/商丽萍主编
330    @a本书共分5章内容,包括:市政公用工程前沿理论和实践探索;市政公用工程技术;市政公用工程质量与安全生产管理;建造师职业道德与诚信制度;市政公用工程法律法规与标准规范。
606 0  @a市政工程@x继续教育@j教材
606 0  @a市政工程
690    @aTU99@v5
711 02 @a注册建造师继续教育必修课教材编委会@Azhu ce jian zao shi ji xu jiao yu bi xiu ke jiao cai bian wei hui@4编写
801  0 @aCN@bBJSDL@c20211011
905    @b1332443-6@dTU99@e1875@f4
    
    市政公用工程:适用于一、二级/注册建造师继续教育必修课教材编写委员会编写.-北京:中国建筑工业出版社,2020.8
    183页:图;26cm
    注册建造师继续教育必修课教材/商丽萍主编
    
    ISBN 978-7-112-13860-9:CNY32.00
    本书共分5章内容,包括:市政公用工程前沿理论和实践探索;市政公用工程技术;市政公用工程质量与安全生产管理;建造师职业道德与诚信制度;市政公用工程法律法规与标准规范。
●
相关链接 在E读中查询图书 在五车中查询图书 在当当中查询图书 在豆瓣中查询图书


正题名:市政公用工程     索取号:TU99/1875         预约/预借

序号 登录号 条形码 馆藏地/架位号 状态 备注
1 1332443   213324437   第二样本阅览室/ [索取号:TU99/1875] 在馆    
2 1332444   213324446   第三借阅区/ [索取号:TU99/1875] 在馆    
3 1332445   213324455   第三借阅区/ [索取号:TU99/1875] 在馆    
4 1332446   213324464   第三借阅区/ [索取号:TU99/1875] 在馆    
唐山师范学院图书馆 欢迎您!
大连网信软件有限公司© 版权所有